Statistiques concernant Classement Tournoi des 6 Nations 2021.

Cliquez ici pour prendre le quiz!

Statistiques générales

  • Ce quiz a été pris 101 fois
  • Le résultat moyen est 6 sur 6

Statistiques - réponses

RangPointsPoints inscritsNations% Correct
216140France
100%
315136Irlande
100%
415138Écosse
99%
120164Pays de Galles
98%
6055Italie
95%
510112Angleterre
94%

Distribution des résultats

Percentile par nombre de réponses

% des personnes avec chaque résultat

Votre développement - résultats

Vous n’avez pas pris ce quiz